00367nam a2200157Ia 4500008004100000020001800041245002900059245002200088260001500110260001600125260000900141300001600150300002500166300001000191500000800201170705s9999 xx 000 0 und d a9780590129015 4aThe view from Saturday / cE. L. Konigsburg. aNew York : bScholastic, c1996 a163 pages : bcolor illustration ; c19cm. a870